| 000 | 00689nam a2200241Ia 4500 | ||
|---|---|---|---|
| 003 | OSt | ||
| 005 | 20220918192804.0 | ||
| 006 | a|||||r|||| 00| 0 | ||
| 007 | ta | ||
| 008 | 220917b |||||||| |||| 00| 0 eng d | ||
| 024 | _a70,313 | ||
| 037 | _cTextual | ||
| 040 |
_aARTS _cARTS _beng |
||
| 041 |
_2eng _aeng |
||
| 082 | _aR635x3,1, 111N5 | ||
| 100 |
_aVijnana Bhiksu _980186 |
||
| 245 | 0 | _aYogasarasangrapa tr into English by Ganga Nath Jha ed by Avanindra Kumar | |
| 260 |
_aDelhi _bParimal Pub _c1995 |
||
| 300 |
_a139p. _ccm. |
||
| 490 | _aParimal sanskrit series; 42 | ||
| 942 |
_hR635x3,1, 111N5 _cTEXL _2CC |
||
| 999 |
_c196411 _d196411 |
||